000
00320nam a22001337a 4500
008
180806b xxu||||| |||| 00| 0 eng d
082
_a
813.52
245
_a
Browstone Diploma for Windows to accompany
_c
Strickland,Th
260
_c
2001
300
_a
1
_f
CD
440
_x
8882242335
760
_b
12th
942
_2
ddc
_c
MX
999
_c
46838
_d
46838